[Event "WM 2008"]
[Site "Bonn"]
[Date "2008.10.17"]
[Round "3"]
[White "Kramnik, Vladimir "]
[Black "Anand, Viswanathan "]
[Result "0-1"]
[WhiteElo "2772"]
[BlackElo "2783"]
[Annotator "Rogozenko"]
[PlyCount "82"]
[EventDate "2008.10.14"]
[Source "Mark Crowther"]
[SourceDate "2008.01.14"]

{Eine grossartige Partie und ein sehr wichtiger Sieg für Anand. Der
Weltmeister präsentierte eine neue und starke Idee in der Eröffnung, hat
danach immer Druck auf Kramniks König ausgeübt und am Ende im Mattangriff
gewonnen.} 1. d4 d5 2. c4 c6 {Wie in der ersten Partie greift Anand erneut zur
Slawischen Verteidigung.} 3. Nf3 Nf6 4. Nc3 {Keine Abtauschvariante mehr.
Kramnik wählt die prinzipiellste Fortsetzung.} e6 5. e3 {Die so genannte
Meraner Variante. Beide Kontrahenten haben mit dieser Variante grosse
Erfahrung. Weiss will erst die Entwicklung beenden und dann e3-e4 spielen.}
Nbd7 6. Bd3 dxc4 7. Bxc4 b5 8. Bd3 a6 {Bisher hat Anand in dieser Stellung
fast immer 8...Lb7 gespielt. Mit 8...a6 verteidigt Schwarz den Bauer b5 und
bereitet den Vorstoss c6-c5.} 9. e4 c5 10. e5 {Die schärfste Fortsetzung.
Einer der besten Kenner dieser Variante ist übrigens der Moskauer GM  Evgeny
Bareev, der früher viel mit Kramnik zusammen gearbeitet hat.} cxd4 11. Nxb5 {
Das sofortige 11.exf6 dxc3 ist ungünstig für Weiss. Bevor er deshalb den
gegnerischen Springer auf f6 nimmt, zerstört Weiss vorher die schwarze
Bauernstruktur. Vor fast 10 Jahren hat Kramnik genau diese Stellung schon
einmal auf dem Brett gehabt, und zwar gegen Ex-Weltmeister Gary Kasparov} axb5
{Kasparov spielte damals 11...Sxe5 und nach 12.Sxe5 axb5 13.Lxb5+ Ld7 und
weiteren 20 Zügen endete die Partie Remis.} (11... Nxe5 12. Nxe5 axb5 13. Bxb5+
Bd7 14. Nxd7 Qa5+ 15. Bd2 Qxb5 16. Nxf8 Rxf8 17. a4 Qc4 18. b3 Qd3 19. Qf3 Qe4+
20. Qxe4 Nxe4 21. b4 Ke7 22. f3 Nc3 23. Bxc3 dxc3 24. Ke2 Rfd8 25. Rhd1 c2 26.
Rdc1 Rd4 27. Rxc2 Rxb4 28. a5 {Kramnik,V (2751)-Kasparov,G (2812)/Wijk aan Zee
1999/1/2-1/2}) 12. exf6 gxf6 13. O-O {Mit dem König auf e1 geht 13.Lxb5 nicht,
denn nach 13...Da5+ verliert Weiss den Läufer.} Qb6 14. Qe2 {In dieser
bekannten theoretischen Stellung hat Schwarz den Bauern b5 bislang mit
unterschiedlichen Zügen verteidigt. Meistens geschah 14...La6, aber auch 14...
b4 oder sogar 14...Ta5 wurden gespielt. Doch alle diese Züge geben Weiss laut
aktueller Theorie die besseren Aussichten.} Bb7 {Dutzende von
Großmeisterpartien wurden mit dieser Stellung schon gespielt - doch dieser Zug
ist auf GM-Niveau neu! Anand opfert einen Bauern und setzt auf Königsangriff.
Der Weltmeister führte diesen Zug sehr schnell aus - offensichtlich hat er die
ganze Idee mit seinen Sekundanten vor dem Wettkampf vorbereitet. Eine
unangenehme Situation für Kramnik, vor allem aus psychologischer Sicht: er
muss jetzt mit begrenzter Bedenkzeit alle Probleme am Brett lösen, während
Anand die Stellung zuhause in Ruhe mit dem Computer analysieren konnte.} 15.
Bxb5 {Wird man mit Weiss mit einer so grossen Überraschung konfrontiert, dann
hat man oft die Möglichkeit, einen Gang zurückzuschalten, den Ehrgeiz, den man
zu Beginn der Partie vielleicht hatte, zu zügeln, ruhig weiter zu spielen,
Remis zu machen, um dann zu Hause alles gründlich zu analysieren und in der
nächsten Partie wieder auf Gewinn zu spielen. Doch dafür ist diese Stellung
viel zu scharf und wenn Weiss nicht prinzipiell weiter spielt, kommt er
schnell in Schwierigkeiten. Anders gesagt: Kramnik hatte keine grosse Wahl und
musste Anands Bauernopfer akzeptieren.} Bd6 16. Rd1 Rg8 {Anand nutzt die
offenen Linien und Diagonalen, um seine Figuren gegen den weissen König in
Stellung zu bringen. Er will Ke7 spielen, um anschliessend die Türme auf der
g-Linie zu verdoppeln. Kramniks Stellung sieht sehr gefährdet aus.} 17. g3 {
Droht 18.Sxd4.} Rg4 {Damit will Anand nicht nur seinen Bauern verteidigen.
Viel wichtiger ist ihm, die d-Linie geschlossen zu halten, denn schliesslich
steht sein König im Zentrum ebenfalls anfällig und kann leicht einem weissen
Angriff zum Opfer fallen.} 18. Bf4 {Kramnik versucht die Verteidigung seines
Königs mit einem Angriff im Zentrum zu verbinden. Um die d-Linie zu öffnen,
opfert Weiss deshalb kurzfristig eine Figur. Nach 18.Sd2 spielt Schwarz 18...
Ke7 und weder 19.Lxd7 Tag8 noch 19.Dxg4 Dxb5 ist besonders schön für Weiss. 18.
h3 ist sogar noch schlechter: Nach 18...d3 19.Dxd3 Txg3+ gewinnt Schwarz
sofort.} Bxf4 19. Nxd4 {Vermutlich kam dieser Zug unerwartet für Anand, denn
von diesem Moment an investierte er viel mehr Bedenkzeit in seine Züge. Mit 19.
Sxd4 bereitet Kramnik ein Opfer auf e6 vor. Aber stärker war 19.Txd4 0-0-0 20.
Tad1 Ld5, was zu einer komplizierten Stellung mit etwa gleichen Chancen führt.}
h5 20. Nxe6 fxe6 21. Rxd7 {Schwach ist 21.Lxd7+ Ke7 und Weiss verbleibt mit
einer Figur weniger.} Kf8 {Schwarz muss sich gegen das drohende Abzugsschach
des Turms verteidigen.} 22. Qd3 {Kramnik stellt eine neue Drohung auf: 23.Dh7.}
Rg7 23. Rxg7 Kxg7 24. gxf4 Rd8 25. Qe2 Kh6 {Kramnik hat die geopferte Figur
zurück gewonnen und zwei Mehrbauern behalten. Doch sein König schwebt in
grosser Gefahr. Anand hingegen konnte seinen König auf h6 in Sicherheit
bringen und steht bereit, die g-Linie erneut zum Angriff zu nutzen. Deshalb
hat Schwarz trotz des materiellen Nachteils generell bessere Aussichten, vor
allem aus praktischer Sicht: Mit begrenzter Bedenkzeit fällt es auch einem
Verteidigungskünstler wie Kramnik schwer, solche Stellungen zu spielen.} 26.
Kf1 Rg8 27. a4 Bg2+ 28. Ke1 Bh3 29. Ra3 $2 {Besser war ...} (29. Rd1 Bg4 (29...
Rg1+ 30. Kd2) 30. Qe3 Qxe3+ 31. fxe3 Bxd1 32. Kxd1 {Das sollte Weiss keine
grossen Probleme bereiten  - seine verbundenen Freibauern auf dem Damenflügel
sind stark genug, um ihm das Remis zu sichern.}) 29... Rg1+ 30. Kd2 Qd4+ 31.
Kc2 Bg4 (31... Bf5+ $1 32. Bd3 (32. Rd3) 32... Bg4 33. f3 Bh3 {... und Schwarz
gewinnt}) 32. f3 $2 {Der zweite und entscheidende Fehler. Kramnik übersieht
hier eine versteckte Verteidigungsmöglichkeit} (32. Rd3 Qc5+ (32... Bf5 33. Kb3
Bxd3 34. Bxd3) 33. Rc3) 32... Bf5+ {Jetzt gibt es keine Verteidigung mehr.
Anand gewinnt in allen Varianten.} 33. Bd3 Bh3 ({Noch schneller gewinnt ...} 
33... Bxd3+ 34. Rxd3 (34. Qxd3 Rg2+ 35. Kd1 Qg1+) 34... Qc4+ 35. Kd2 Qc1#) 34.
a5 Rg2 35. a6 Rxe2+ 36. Bxe2 Bf5+ 37. Kb3 Qe3+ 38. Ka2 Qxe2 39. a7 Qc4+ 40. Ka1
Qf1+ 41. Ka2 Bb1+ {und Kramnik gab auf.    Analysen: Dorian Rogozenko auf
SpiegelOnline} (41... Bb1+ 42. Kb3 Qb5+ 43. Kc3 Qc5+ 44. Kb3 Bc2+ 45. Ka2 Qd5+
46. b3 Qd2 47. Ra6 Bxb3+ 48. Kxb3 Qd3+ 49. Kb4 Qxa6 50. Kc5 Qxa7+ $19) 0-1

[Event "Schachwoche A"]
[Site "Winterthur"]
[Date "2008.10.07"]
[Round "5"]
[White "Kargin, Arseny"]
[Black "Gaehwiler, Gabriel"]
[Result "0-1"]
[WhiteElo "2396"]
[BlackElo "2093"]
[PlyCount "76"]
[EventDate "2008.??.??"]
[Source "Mark Crowther"]
[SourceDate "2008.01.14"]

1. e4 c5 2. Nf3 d6 3. d4 cxd4 4. Nxd4 Nf6 5. Nc3 a6 6. Be3 {B90: Sizilianisch 
(Najdorf-Variante, Abweichungen)} e5 7. Nde2 Be7 8. Ng3 Be6 9. f4 $146 (9. Be2
O-O 10. O-O (10. Bf3 Nbd7 11. Nf5 Bxf5 12. exf5 Re8 13. g4 h6 14. h4 Nh7 15.
Bxb7 Rb8 16. Bc6 Rxb2 17. Nd5 Bf8 18. g5 Qc8 19. Ba4 Rd8 20. Bb3 Nc5 21. g6
Qxf5 22. gxh7+ Kxh7 23. Rg1 Nxb3 24. axb3 Rxc2 {Lindberg,B (2443)-Blomqvist,E 
(2313)/Taby 2007/1/2-1/2}) 10... g6 11. Nd5 (11. Qd2 Ne8 12. Nd5 Bxd5 13. Qxd5
Nc6 14. Qd2 Rc8 15. c3 Ng7 16. Rfd1 Qc7 17. Bh6 Rfd8 18. Nf1 Ne6 19. Ne3 Rd7
20. Nd5 Qd8 21. Bg4 Nb8 22. Be3 Rc6 23. a4 Qe8 24. b4 Bd8 25. Qa2 Rc8 {
Nevednichy,V (2576)-Petkov,V (2480)/Sibenik 2006/1-0}) 11... Bxd5 12. exd5 Nbd7
13. c4 Ne8 14. Qd2 f5 15. Bh6 Rf7 16. f3 a5 17. Kh1 Bh4 18. Bd3 Bxg3 19. hxg3
f4 20. Kg1 Qf6 21. Kf2 Nc5 22. Bc2 Ng7 23. Bxg7 fxg3+ {Muzychuk,A (2469)
-Dzagnidze,N (2416)/Kemer 2007/0-1}) (9. Be2 O-O $11) 9... Ng4 $11 10. Bd2 Qb6
(10... exf4 11. Bxf4 Qb6 12. Qf3 Qxb2 13. Rb1 Qxc2 14. Rc1 $15) 11. Qf3 $11
exf4 12. Qxf4 g5 (12... Qxb2 $143 13. Rb1 g5 14. Qf3 $16) 13. Qf3 Nc6 (13...
Qxb2 $143 14. Rb1 Qa3 15. Rxb7 $16) 14. Nf5 (14. O-O-O Nce5 15. Qe2 Nc4 $15)
14... Nce5 $15 15. Ng7+ Kd7 16. Qg3 h5 (16... Qxb2 $143 17. Rb1 Qxc2 18. Be2
$14) 17. Nxe6 fxe6 (17... Kxe6 $143 18. Be2 Qxb2 19. Rb1 Qxc2 20. h3 $16) 18.
Nd1 (18. h3 h4 19. Na4 Qxb2 $17 (19... hxg3 $143 20. Nxb6+ Kc6 21. Nxa8 $16 (
21. hxg4 $143 Kxb6 (21... Rxh1 $143 22. Nxa8 Rh8 23. a4 $14) 22. Rxh8 Rxh8 $15)
)) 18... h4 (18... Qc6 $5 $19) 19. Qb3 $17 Qc6 20. Nc3 $2 (20. h3 Qxe4+ 21. Ne3
Nxe3 22. Bxe3 Rac8 $17) 20... h3 $17 21. Qa4 $2 (21. Rg1 hxg2 22. Bxg2 Rxh2 $19
) 21... hxg2 (21... Qxa4 22. Nxa4 Raf8 23. Nb6+ Kc7 24. gxh3 Nf3+ (24... Kxb6
$6 25. hxg4 Nxg4 26. Bc4 $15) 25. Ke2 Nxd2 (25... Kxb6 $6 26. hxg4 Nxh2 27. Rd1
$17) 26. Na8+ Kc6 (26... Rxa8 $143 27. hxg4 Nc4 28. Rb1 $19) 27. Kxd2 Nf2 $19 (
27... Rxa8 $6 28. hxg4 Raf8 29. h3 $11)) 22. Bxg2 Rxh2 23. Rxh2 Nxh2 24. O-O-O
(24. Qxc6+ Kxc6 25. Ke2 g4 $19) 24... Qxa4 25. Nxa4 Kc6 26. Rh1 Nhf3 27. Be3 (
27. Rh7 Nxd2 28. Kxd2 Rf8 $19) 27... Nh4 28. Bf1 g4 29. Bf2 $2 (29. Nc3 $142
$19) 29... Rf8 30. Bg3 Rf3 31. Be1 (31. Bxe5 dxe5 32. Be2 g3 33. Bxf3 Nxf3 $19)
31... g3 32. Rg1 (32. Bc3 Bg5+ 33. Kb1 Rxf1+ 34. Rxf1 Nhf3 35. Bxe5 Nd2+ (35...
Nxe5 $6 36. Nc3 $15) 36. Ka1 Nxf1 (36... dxe5 $6 37. Rg1 $17) 37. Bxg3 Nxg3 $19
) 32... Rxf1 $1 33. Rxf1 g2 34. Rg1 Nef3 35. Bxh4 (35. Rxg2 Nxg2 36. Bd2 $19)
35... Nxg1 36. Bf2 Nh3 37. Ba7 b6 $1 38. Bxb6 Bd8 $3 (38... Bd8 39. Bd4 e5 $19
40. Be3 Bg5 41. Bxg5 g1=Q+) 0-1

[Event "Russ. Superfinale"]
[Site "Moskau"]
[Date "2008.10.05"]
[Round "3"]
[White "Svidler, Peter"]
[Black "Riazantsev, Alexander"]
[Result "1-0"]
[WhiteElo "2727"]
[BlackElo "2656"]
[PlyCount "75"]
[EventDate "2008.10.03"]
[EventType "swiss"]
[EventRounds "11"]
[EventCountry "RUS"]
[EventCategory "17"]
[Source "Mark Crowther"]
[SourceDate "2008.01.14"]

{C11: Französische Verteidigung} 1. e4 e6 2. d4 d5 3. Nc3 Nf6 4. e5 Nfd7 5. f4
c5 6. Nf3 Nc6 7. Be3 Be7 8. Qd2 O-O 9. dxc5 Bxc5 10. O-O-O Qa5 11. Bxc5 (11.
Kb1 Rd8 12. Nd4 Nxd4 13. Bxd4 b6 14. f5 Ba6 15. Bxa6 Qxa6 16. Qg5 h6 17. Qg4
Bxd4 18. Rxd4 Nxe5 19. Qg3 f6 20. fxe6 Qb7 21. Rhd1 Re8 22. Qh3 Qc6 23. Nxd5 {
Korneev,O (2638)-Gurevich,M (2643)/Santa Cruz de Tenerife 2006/1/2-1/2}) 11...
Nxc5 12. h4 Bd7 13. h5 $146 (13. Rh3 Rab8 14. h5 b5 (14... h6 15. Qe3 Na4 16.
Nxa4 Qxa4 17. Kb1 Rfc8 18. Rd2 b5 19. g4 Nb4 20. Qb3 Qxb3 21. axb3 f6 22. exf6
gxf6 23. Rg2 Kf7 24. c3 Nc6 25. g5 Rg8 26. g6+ Kg7 27. Rd2 Rgd8 28. Rhh2 e5 29.
Bh3 {Najer,E (2670)-Lysyj,I (2596)/Novokuznetsk RUS 2008/1-0}) 15. f5 exf5 16.
Rg3 Ne6 17. Qh6 Nb4 18. Rxg7+ Nxg7 19. Ng5 Rfc8 20. Qxh7+ Kf8 21. h6 Rxc3 22.
Qxg7+ Ke7 23. Qf6+ Ke8 24. bxc3 Nxa2+ 25. Kb2 Qxc3+ 26. Kb1 Qa3 27. Qh8+ Ke7 {
Najer,E (2624)-Riazantsev,A (2621)/Sochi 2007/1/2-1/2}) 13... Rab8 (13... h6 $5
$11) 14. h6 $16 g6 15. Qe3 (15. Qf2 Ne7 $14) 15... Na4 16. Nxa4 Qxa4 17. Kb1
Rfc8 18. Rd2 Nb4 19. a3 Rxc2 20. axb4 Rc1+ 21. Kxc1 Qa1+ 22. Kc2 Rc8+ 23. Qc3
Rxc3+ 24. Kxc3 (24. bxc3 Ba4+ 25. Kd3 Bd1 $14) 24... Bb5 $14 25. Kd4 (25. Bxb5
$143 Qxh1 26. Kd3 Qxh6 $17) 25... Bxf1 26. Rf2 Qc1 27. Rfxf1 (27. Rhxf1 $5
Qxf4+ 28. Kd3 Qxh6 29. Nd2 $14) 27... Qxf4+ $11 (27... Qxb2+ 28. Ke3 Qxb4 29.
Rc1 Qb6+ 30. Nd4 $18) 28. Kd3 Qe4+ 29. Kd2 Qxb4+ 30. Ke3 Qb6+ (30... f6 $5 31.
exf6 e5 $11) 31. Kf4 $14 f6 (31... Kf8 32. g4 $16) 32. exf6 (32. Kg3 g5 33. Rc1
Qd8 $18) 32... Qxb2 33. Kg4 (33. Kg3 Qxf6 34. Re1 g5 $16) 33... Qxg2+ $14 34.
Kh4 Qb2 35. Rhg1 Qxf6+ $4 (35... e5 $142 36. Rc1 Qe2 37. Rxg6+ Kf7 38. Rg7+
Kxf6 $11) 36. Ng5 $18 Qb2 37. Kh3 a5 (37... e5 38. Ne6 Qa3+ 39. Rg3 Qe7 40.
Rf8+ Qxf8 41. Nxf8 Kxf8 $18) 38. Nxe6 (38. Nxe6 Qb4 39. Rg3 $18) (38. Rg3 Qe5
39. Rgf3 Qf5+ 40. Rxf5 gxf5 41. Rc1 Kf8 42. Nxh7+ Ke7 43. Ng5 Kf6 44. h7 Kxg5
45. h8=Q f4 46. Qe5+ Kg6 47. Qxe6+ Kh5 48. Rg1 b6 49. Qg6#) 1-0

[Event "17. kroat. Mannschaftsmeistersch."]
[Site "Sibenik CRO"]
[Date "2008.09.30"]
[Round "4"]
[White "Brkic, Ante"]
[Black "Sokolov, Ivan"]
[Result "1-0"]
[WhiteElo "2530"]
[BlackElo "2658"]
[PlyCount "51"]
[EventDate "2008.09.27"]
[EventType "team-tourn"]
[EventRounds "9"]
[EventCountry "CRO"]
[Source "Mark Crowther"]
[SourceDate "2008.01.14"]

1. e4 e5 2. Nf3 Nc6 3. Bb5 a6 4. Ba4 Nf6 5. Qe2 {C77: Spanische Partie 
(Anderssen-Variante)} b5 6. Bb3 Bc5 7. c3 d6 8. d3 Bb6 9. Bg5 (9. O-O O-O 10.
Be3 Ne7 11. Bxb6 cxb6 12. Nh4 g5 13. Nf3 h6 14. Na3 Ng6 15. Kh1 Nf4 16. Qd2 Qd7
17. Ng1 d5 18. exd5 N4xd5 19. Nc2 Nf4 20. Ne1 Bb7 21. f3 Rad8 22. Qf2 Qc6 23.
Rd1 Rd6 {Tiviakov,S (2655)-Sasikiran,K (2470)/Ubeda 1999/1/2-1/2}) 9... h6 10.
Bh4 Na5 $146 (10... Be6 11. Nbd2 Qe7 12. Nf1 Bxb3 13. axb3 Qe6 14. Bxf6 Qxf6
15. Ne3 Ne7 16. O-O O-O 17. b4 Qe6 18. Ra3 f5 19. Rfa1 fxe4 20. dxe4 Qc8 21. g3
Qb7 22. Nd2 d5 23. Rf1 dxe4 24. Ng2 e3 25. Nxe3 {Vehi Bach,V (2445)-Sturua,Z 
(2540)/Biel 1995/0-1}) 11. Bc2 c5 12. Nbd2 Be6 13. Nf1 g5 14. Bg3 c4 (14... O-O
$5 $11) 15. d4 $14 exd4 16. Nxd4 Bxd4 17. cxd4 d5 (17... Nc6 $5 18. O-O-O d5
$14) 18. Be5 $16 O-O 19. h4 Nxe4 (19... g4 20. Qe3 Nxe4 21. f3 $18) 20. Bxe4
dxe4 21. hxg5 (21. Qh5 $142 $5 g4 22. d5 $18) 21... Qxg5 $16 22. Ng3 Bg4 $2 (
22... f6 23. Nxe4 Qg6 $16 (23... Qxg2 $2 24. O-O-O Bg4 25. Rdg1 Bxe2 26. Rxg2+
Kh7 27. Nxf6+ Rxf6 28. Rhg1 $18 (28. Bxf6 $143 Rg8 29. Rxg8 Kxg8 $18))) 23.
Nxe4 $18 Bxe2 24. Nxg5 f6 25. Rxh6 (25. Kxe2 hxg5 26. Bd6 Rfe8+ 27. Kf3 Nc6 $15
) 25... Bd3 $4 (25... Kg7 $142 26. Rxf6 Rxf6 $18) 26. Bxf6 (26. Bxf6 Rxf6 27.
Rxf6 $18) 1-0

[Event "5. CHN-RUS"]
[Site "Ningpo CHN"]
[Date "2008.09.18"]
[Round "1"]
[White "Li Chao"]
[Black "Alekseev, Evgeny"]
[Result "1-0"]
[WhiteElo "2590"]
[BlackElo "2708"]
[PlyCount "91"]
[EventDate "2008.09.18"]
[EventType "schev"]
[EventCountry "CHN"]
[Source "Mark Crowther"]
[SourceDate "2008.01.14"]

1. e4 e5 2. Nf3 Nc6 3. Bb5 Nf6 4. O-O Nxe4 {C67: Spanische Partie 
(Rio-de-Janeiro-Variante)} 5. d4 Nd6 6. Bxc6 dxc6 7. dxe5 Nf5 8. Qxd8+ Kxd8 9.
h3 Ne7 10. Nc3 Ng6 11. Be3 Ke8 12. Rad1 Be7 13. Rfe1 $146 (13. a3 h5 14. Rfe1
h4 15. Nd4 Rh5 16. f4 a6 17. Rd2 (17. Ne4 Bd7 18. c4 a5 19. c5 a4 20. Rc1 f5
21. exf6 Bxf6 22. f5 Ne7 23. Nxf6+ gxf6 24. Bf4 Kf7 25. Bxc7 Nxf5 26. Rc4 Nxd4
27. Rxd4 Be6 28. Bd6 Ra5 29. Rde4 Bd5 30. Re7+ Kg6 31. Rxb7 Rb5 {Kasimdzhanov,
R (2670)-Topalov,V (2788)/San Luis 2005/1/2-1/2}) 17... Bd7 18. Red1 Rd8 19.
Nde2 Bc8 20. Ne4 Rxd2 21. Rxd2 b6 22. c4 c5 23. N2c3 Be6 24. Nd5 Bxd5 25. Rxd5
c6 26. Rd3 Rf5 27. Nd6+ Bxd6 {Baramidze,D (2542)-Gyimesi,Z (2624)/Austria 2006/
1/2-1/2}) 13... h5 14. Nd4 h4 (14... Kf8 15. Bc1 $14) 15. f4 Rh5 16. Ne4 f5 (
16... Bd7 17. Nf3 $14) 17. exf6 $1 $16 Bxf6 (17... Bxf6 18. Nxf6+) (17... gxf6
18. f5 Ne5 19. Bf4 Kf7 20. Nxf6 Bxf6 21. Bxe5 Bxf5 22. Nxf5 Rxf5 23. Bxf6 Kxf6
24. Re4 Rh8 25. Rd7 Rd5 26. Rxc7 Rd1+ 27. Kh2 Rd2 28. Rxb7 Rxc2 29. Rg4 a5 30.
a4 $16) 18. f5 $1 Ne7 (18... Bxf5 19. Nxf6+ (19. g4 hxg3 20. Nxg3 Bxc2 21. Nxh5
Bxd1 22. Nxf6+ gxf6 23. Rxd1)) 19. Bf4 (19. Nxf6+ gxf6 20. Bf2 Bxf5 21. Bxh4
Kf7 22. Nxf5 Nxf5 23. Rd7+ Kg6 $18) 19... Kf7 (19... Kf8 20. Bxc7 Nxf5 21. Nf3
$16) 20. Ne6 Rxf5 (20... Bxe6 $5 21. fxe6+ Kxe6 22. Ng3+ Re5 23. Bxe5 Bxe5 $18)
21. Nxc7 $18 Rxf4 22. Nxa8 Be5 23. Ng5+ Kf6 24. Nh7+ Ke6 25. Rd8 Rf5 26. Nc7+
Kf7 27. Ne8 (27. Rf8+ $5 Kg6 28. Rxf5 Kxf5 29. Rf1+ Kg6 30. Nf8+ Kh6 $18) 27...
Bg3 28. Nd6+ Bxd6 29. Rxd6 Rh5 30. Rf1+ Bf5 31. Rd7 g6 32. Rxb7 Rxh7 33. Rxa7
Kf6 34. c4 (34. a4 Rh8 35. a5 Rb8 $18) 34... Rh8 $16 35. b4 Rd8 (35... Rb8 36.
a3 $16) 36. Re1 $18 Be6 37. b5 Rd2 38. a4 Nf5 39. bxc6 (39. Ra6 $142 $5 Nd4 40.
bxc6 $18) 39... Bxc4 40. c7 Bd5 41. Ra6+ Kg5 (41... Kf7 $142 $5 42. Re2 $1 Rd1+
43. Kf2 Rc1 $16) 42. Re5 $18 Bb7 $4 (42... Rxg2+ $142 43. Kf1 Rc2 44. Rxd5 Rxc7
$18) 43. Rb6 Rxg2+ (43... Bc8 44. Re8 Rd1+ 45. Kf2 $18) 44. Kf1 Rc2 45. Rxb7
Kf4 46. Re8 (46. Re8 Nd6 47. Rb4+ Kf5 48. Rd8 $18) 1-0

[Event "4. EU-Meisterschaft"]
[Site "Liverpool"]
[Date "2008.09.17"]
[Round "9.1"]
[White "Laznicka, Viktor"]
[Black "Werle, Jan"]
[Result "0-1"]
[WhiteElo "2601"]
[BlackElo "2591"]
[PlyCount "56"]
[EventDate "2008.09.09"]
[Source "Mark Crowther"]
[SourceDate "2008.01.14"]

1. d4 Nf6 2. c4 e6 3. g3 {E04: Katalanisch} d5 4. Nf3 dxc4 5. Bg2 c5 6. O-O Nc6
7. Ne5 Bd7 8. Na3 cxd4 9. Naxc4 Bc5 10. Qb3 O-O 11. Qxb7 Nxe5 12. Nxe5 Rb8 13.
Qf3 Bd6 (13... Nd5 14. Rd1 f6 15. Nxd7 Qxd7 16. b3 Qd6 17. Bb2 Qb6 18. Rac1
Rbd8 19. Rc4 e5 20. e3 Nc7 21. exd4 Bxd4 22. Bxd4 exd4 23. Qd3 Rfe8 24. Rc6 Qa5
25. Qc4+ Nd5 26. b4 {Schebler,G (2500)-Braun,P (2221)/Stuttgart 2005/1-0}) 14.
Nc6 (14. Nxd7 Qxd7 15. Bg5 Be5 16. Rab1 h6 17. Bf4 Bxf4 18. Qxf4 Rfe8 19. Rfc1
e5 20. Qd2 Rec8 21. Rxc8+ Rxc8 22. Rc1 Rxc1+ 23. Qxc1 e4 24. Qd2 Qd5 25. Qc2 g6
26. b4 Kg7 27. h3 d3 28. Qd2 Qc4 {Vaganian,R (2615)-Serper,G (2575)/Luzern
1993/1/2-1/2}) 14... Bxc6 15. Qxc6 Qe7 $146 (15... e5 16. Rb1 Rb6 17. Qa4 Qb8
18. Bg5 Be7 19. b4 Bxb4 20. Bxf6 gxf6 21. Qd7 Qc8 22. Qxa7 Rb8 23. Qa4 Bc3 24.
Rxb8 Qxb8 25. Be4 Qc7 26. Qa6 Kg7 27. Qd3 Rb8 28. Bxh7 Rb2 29. Be4 Rxa2 30. h4
{Kasparov,G (2795)-Comp Deep Blue/Philadelphia 1996/1-0}) 16. Qa4 e5 (16...
Rfd8 17. Re1 $11) 17. Rb1 (17. a3 e4 $11) 17... h6 18. Bd2 Bb4 19. Bxb4 Rxb4
20. Qa3 e4 21. Rfc1 Rd8 22. Rc2 Ng4 23. Rbc1 $2 (23. Re1 $142 $5 $11) 23... d3
$17 24. exd3 e3 25. Rc8 $4 (25. Rf1 $142 Nxf2 26. Rfxf2 exf2+ 27. Rxf2 Qe1+ 28.
Bf1 $17) 25... Rxc8 (25... exf2+ 26. Kh1 Qe1+ 27. Bf1 Rxc8 28. Rxc8+ Kh7 29.
Rc1 Qxc1 30. Kg2 Rxb2 31. Qxb2 Qxb2 32. Kf3 Nxh2+ 33. Ke4 Nxf1 34. a3 Nd2+ 35.
Kd5 f1=Q 36. Kd6 Qxd3+ 37. Ke7 Qf6+ 38. Kf8 Qdd8#) 26. Rxc8+ Kh7 27. Re8 (27.
Be4+ Rxe4 28. Qxe7 exf2+ (28... Rxe7 $6 29. fxe3 Nxe3 30. b4 $19) 29. Kf1 Rxe7
$19) 27... exf2+ (27... Qxe8 $6 28. Qxb4 exf2+ 29. Kf1 $17) 28. Kf1 Qc5 (28...
Qc5 29. Qxb4 Nxh2+ 30. Ke2 Qxb4 31. Kxf2 Qc5+ 32. d4 Qxd4+ 33. Ke2 Qxb2+ 34.
Kd1 Qxg2 $19) (28... Qxe8 $6 29. Qxb4 Qd7 30. Be4+ f5 31. h3 $17) 0-1